01231nam a2200289Ia 4500001001200000003000800012006001900020007001500039008004100054020001800095020001800113040002100131035002100152050002400173100002600197245011200223260006400335300001600399533015200415650006600567650003200633651005200665651005200717655002900769710001700798856012600815ebr10694554CaPaEBRm u cr cn|||||||||111102s2013 miu s 000 0 eng d z9781609173586 z9781611860733 aCaPaEBRcCaPaEBR a(OCoLC)84386187814aBL2525b.C65 2013eb1 aColes, Robert,d1949-10aSecular says, sacred momentsh[electronic resource] :bthe America columns of Robert Coles /cRobert Coles. aEast Lansing, MI :bMichigan State University Press,c2013. axvi, 126 p. aElectronic reproduction.bPalo Alto, Calif. :cebrary,d2013.nAvailable via World Wide Web.nAccess may be limited to ebrary affiliated libraries. 0aReligion and sociologyzUnited StatesxHistoryy20th century. 0aChristianityy20th century. 0aUnited StatesxReligionxHistoryy20th century. 0aUnited StatesxSocial conditionsy20th century. 7aElectronic books.2local2 aebrary, Inc.40uhttp://site.ebrary.com/lib/rucke/Doc?id=10694554zAn electronic book accessible through the World Wide Web; click to view